| 000 | 00728pam a2200241 a 4500 | ||
|---|---|---|---|
| 003 | OSt | ||
| 005 | 20231018080536.0 | ||
| 008 | 820907s1983 nyua b 001 0 eng | ||
| 020 | _a0471865346 : | ||
| 040 | _cALUPE UNIVERSITY | ||
| 050 | 0 | 0 |
_aQR182 _b.C53 1983 |
| 060 | _aQW 504 C596e | ||
| 100 | 1 |
_aClark, William R., _d1938- |
|
| 245 | 1 | 4 |
_aThe experimental foundations of modern immunology / _cWilliam R. Clark. |
| 250 | _a2nd ed. | ||
| 260 |
_aNew York : _bWiley, _cc1983. |
||
| 300 |
_aix, 453 p. : _bill. ; _c25 cm. |
||
| 504 | _aIncludes bibliographies and index. | ||
| 650 | 0 |
_aExperimental immunology _xHistory. |
|
| 650 | 2 | _aImmunity. | |
| 906 |
_a7 _bcbc _corignew _d1 _eocip _f19 _gy-gencatlg |
||
| 942 |
_2lcc _cBK _nPW |
||
| 999 |
_c1413 _d1413 |
||